Countries that start with B - Statistics

General Stats
  • This quiz has been taken 1,428 times
    1,399 since last reset
  • The average score is 11 of 17
Answer Stats
Continent country % Correct
South America Bolivia
84%
Europe Belgium
79%
North America Bahamas
74%
North America Belize
73%
North America Barbados
72%
Africa Botswana
71%
Europe Belarus
68%
Asia Bhutan
68%
Europe Bulgaria
68%
Asia Bangladesh
65%
Europe Bosnia and Herzegovina
64%
Asia Bahrain
60%
Africa Benin
60%
Asia Brunei
60%
Africa Burundi
58%
Africa Burkina Faso
51%
South America Brasil
39%
No matching quizzes found
Score Distribution
Percent of People with Each Score
Percentile by Number Answered
Your Score History
You have not taken this quiz since the last reset